000 03220nam0a22004931 4500
001 v19\rc\2110860
005 20260507132242.0
035 _a(NLR Aleph) 005181903
090 _a5138406
_c5138406
100 _a20090914d1811 m y0rusy50 ca
101 1 _arus
_cger
102 _aRU
105 _aab z |||||
140 _ay jz eka yaa0000
200 1 _aПрактическое руководство к устроению судоходных каналов
_eс показанием каким образом проводить оные, учреждать и строить шлюзы и прочия гидраулическия здания, и сочинять сметы издержкам.
_eПри чем особенно предлагается для примера, Лангедокский канал с превосходными своими строениями, по описанию г. де ла Ланда
_fсочиненное И.Л. Гогревом.
_gС приложением карты Лангедокскаго канала и 17 чертежей.
_gНапечатано по высочайшему повелению
210 _aВ Санктпетербурге
_cв типографии Шнора
_d1811
215 _a[4], XIV, 401, [1] с., XVIII л. черт., карт.
_d
300 _aИмеется вар. 2 тит. л. с указанием переводчика после фамилии автора: С немецкаго языка перевел I Кадетскаго корпуса подполковник Василий Воронов
300 _aПосвящ. пер. Александру I на с.[3]
300 _aКарта и черт. - резц. грав. В.П.Пядышева, А.М.Калашникова и др.
316 _aЭкз. РНБ (140/73): Вар.1
_5NLR: 140/73
316 _aЭкз. РНБ (18.77.2.49): Вар.2
_5NLR: 18.77.2.49
316 _aЭкз. РНБ (РЗФ 18 в. 7/446): Вар.2
_5NLR: РЗФ 18 в. 7/446
317 _aЭкз. РНБ (18.77.2.49) из Эрмитаж. б-ки
_5NLR: 18.77.2.49
321 1 _aСК 1801-1825 1801
620 _dСанкт-Петербург
700 1 _6z01790
_aГогреве
_bИ. Л.
_f1737-1814
_gИоганн Людвиг
702 0 _aАлександр
_cимператор российский
_dI
_f1777-1825
_3RU\NLR\AUTH\775342
_4280
702 1 _aВоронов
_bВ. И.
_gВасилий И.
_4730
702 1 _aКалашников
_bА. М.
_cгравёр
_gАлександр Михайлович
_3RU\NLR\AUTH\770293337
_4350
702 1 _aПядышев
_bВ. П.
_f1758-1835
_gВасилий Петрович
_4350
702 1 _aШнор
_bИ. К.
_f1738-1812
_gИоганн Карл
_3RU\NLR\AUTH\770158276
_4610
712 0 0 _aШнор,
_gИ. K.,
_hтипография
_cПетербург
_3RU\NLR\AUTH\8810035686
_4610
790 1 _6z01700
_aГогрев
801 0 _aRU
_bNLR
_gpsbo
801 1 _aRU
_bProSoft-M
_2rusmarc
801 2 _aRU
_bNLR
_c20160120
_2rusmarc
852 _aNLR
_j18.77.2.49
_yВар.2
852 _aNLR
_j140/73
_yВар.1
852 _aNLR
_bРЗФ
_j18 в. 7/446
_yВар.2
942 _cBOOK
980 9 _akprsl
980 _aNB